SEARCH: The Journal of the South East Asia Research Centre for Communication and Humanities

Bibliographic Details
Format: Electronic Journal
Language:English
Published: Taylors University
Online Access:Full text available on Springer
Off-campus access
LEADER 00946cas a2200193 a 4500
001 AALejournalSpringer003406
008 230103c9999 xx r poo 0 0eng d
022 |a 2229-872X 
040 |a BD-DhAAL  |c BD-DhAAL 
245 0 0 |h [electronic resource]  |a SEARCH: The Journal of the South East Asia Research Centre for Communication and Humanities 
260 |b Taylors University 
300 |a 1 online resource 
362 0 |a Vol. 6, no. 2 
500 |a <strong>Off-Campus Access:</strong> Athens ID and Password Required 
500 |a <strong>On-Campus Access:</strong> No User ID or Password Required 
506 |a Electronic access restricted to authorized BRAC University faculty, staff and students 
538 |a Mode of access: Internet 
856 4 0 |z Full text available on Springer  |u https://link.springer.com/journal/40931 
856 4 0 |z Off-campus access  |u https://go.openathens.net/redirector/bracu.ac.bd?url=https%3A%2F%2Flink.springer.com%2Fjournal%2F40931